| Tag |
First Indicator |
Second Indicator |
Subfields |
| LEADER |
00000nam a22000001 4500 |
| 001 |
in00004606751 |
| 006 |
m o d |
| 007 |
cr unu|||||||| |
| 008 |
891207s1969 miu ob 00010 eng d |
| 005 |
20221202164815.6 |
| 020 |
|
|
|a 9781951519339
|
| 020 |
|
|
|z 9781949098112
|
| 024 |
7 |
|
|a 10.3998/mpub.11396556
|2 doi
|
| 035 |
|
|
|a (MiU)10.3998/mpub.11396556
|
| 040 |
|
|
|a MiU
|b eng
|e pn
|e rda
|c MiU
|
| 043 |
|
|
|a aw-----
|
| 050 |
|
4 |
|a GN2
|b .M5 no. 37
|
| 082 |
1 |
|
|a 380.1/0956
|
| 100 |
1 |
|
|a Wright, Gary A,
|e author.
|
| 245 |
1 |
0 |
|a Obsidian analyses and prehistoric Near Eastern trade 7500 to 3500 B.C. /
|c by Gary A. Wright.
|
| 264 |
|
1 |
|a Ann Arbor, Michigan :
|b Museum of Anthropology, University of Michigan,
|c 1969.
|
| 300 |
|
|
|a 1 online resource(v, 92 pages)
|
| 336 |
|
|
|a text
|b txt
|2 rdacontent
|
| 337 |
|
|
|a computer
|b c
|2 rdamedia
|
| 338 |
|
|
|a online resource
|b cr
|2 rdacarrier
|
| 490 |
1 |
|
|a Museum of Anthropology, University of Michigan. Anthropological papers,
|v no. 37
|
| 504 |
|
|
|a Bibliography: pages 85-92.
|
| 588 |
|
|
|a Description based on information from the publisher.
|
| 650 |
|
0 |
|a Obsidian
|z Middle East.
|
| 650 |
|
0 |
|a Stone age
|z Middle East.
|
| 651 |
|
0 |
|a Middle East
|x Commerce.
|
| 655 |
|
7 |
|a Electronic books.
|2 local
|
| 710 |
2 |
|
|a Michigan Publishing (University of Michigan)
|e issuing body.
|
| 710 |
2 |
|
|a University of Michigan.
|b Museum of Anthropology,
|e publisher.
|
| 830 |
|
0 |
|a Anthropological papers (University of Michigan. Museum of Anthropology) ;
|v no. 37
|
| 856 |
4 |
0 |
|u http://proxy.library.tamu.edu/login?url=https://doi.org/10.3998/mpub.11396556
|z Connect to the full text of this electronic book
|t 0
|
| 955 |
|
|
|a University of Michigan Press ebooks
|
| 999 |
f |
f |
|s fd73bd6b-a255-40fb-a07c-bc2545bd6f51
|i 685af7c2-399c-4e23-a0a7-05424dbb3097
|t 0
|
| 952 |
f |
f |
|a Texas A&M University
|b College Station
|c Electronic Resources
|d Available Online
|t 0
|e GN2 .M5 no. 37
|h Library of Congress classification
|
| 998 |
f |
f |
|a GN2 .M5 no. 37
|t 0
|l Available Online
|